| 000 | 00000nam##2200000za#4500 |
| 001 | 9.630767 |
| 003 | CaOODSP |
| 005 | 20210624214012 |
| 007 | cr ||||||||||| |
| 008 | 150407|2002||||xxc|||||o f|0| 0 fre|d |
| 020 | |a0-662-87018-2 |
| 040 | |aCaOODSP|bfre |
| 043 | |an-cn--- |
| 086 | 1 |aSW21-92/2002F-IN |
| 110 | 1 |aCanada. |bCondition féminine Canada. |
| 245 | 13|aLe Canada et le Protocole facultatif à la Convention sur l'élimination de toutes les formes de discrimination à l'égard des femmes / |h[ressource électronique]|cproduit par Condition féminine Canada avec la collaboration du Patrimoine canadien, Justice Canada et du Ministère des Affaires étrangères et du Commerce international. |
| 260 | |bCondition féminine Canada |c2002. |
| 300 | |a11p. |
| 500 | |a«Pour plus de renseignements sur le Canada et le Protocole facultatif, vous pouvez consulter le document intitulé Le Canada et le Protocole facultatif à la Convention sur l’élimination de toutes les formes de discrimination à l’égard des femmes : un aperçu.» -- Page 10. |
| 590 | |a06-10-Supp|b2006-12-15 |
| 691 | 07|aAccord international|2gcpds |
| 691 | 07|aDiscrimination sexuelle|2gcpds |
| 691 | 07|aDroits de la personne|2gcpds |
| 691 | 07|aÉgalité des sexes|2gcpds |
| 691 | 07|aFemme|2gcpds |
| 775 | 08|tCanada and the Optional Protocol to the Convention on the Elimination of All Forms of Discrimination Against Women / |w(CaOODSP)9.686290 |
| 856 | 40|ahttp://publications.gc.ca|qPDF|s255 Ko|uhttps://publications.gc.ca/collections/Collection/SW21-92-2002F.pdf |